Belle de jour / (Record no. 176486)

MARC details
000 -LEADER
campo de control de longitud fija 00665nam a22002295i 4500
001 - NÚMERO DE CONTROL
campo de control 176486
003 - IDENTIFICADOR DE NÚMERO DE CONTROL
campo de control ES-MaACL
005 - FECHA Y HORA DE LA ÚLTIMA TRANSACCIÓN
campo de control 20230906220110.0
008 - DATOS DE LONGITUD FIJA--INFORMACIÓN GENERAL
campo de control de longitud fija 110119s1975 sp |||| | spa d
020 ## - NÚMERO INTERNACIONAL ESTÁNDAR DEL LIBRO
Número Internacional Estándar del Libro 84-209-2164-6
080 ## - NÚMERO DE LA CLASIFICACIÓN DECIMAL UNIVERSAL
Número de la Clasificación Decimal Universal 821.133.1-311.2"19"
100 1# - ENTRADA PRINCIPAL--NOMBRE DE PERSONA
Nombre de persona Kessel, Joseph.
9 (RLIN) 67949
245 10 - MENCIÓN DEL TÍTULO
Título Belle de jour /
Mención de responsabilidad, etc. Joseph Kessel ; [traducción de Ángel Fernández Santos].
250 ## - MENCION DE EDICION
Mención de edición 8ª ed.
260 ## - PUBLICACIÓN, DISTRIBUCIÓN, ETC.
Lugar de publicación, distribución, etc. Barcelona :
Nombre del editor, distribuidor, etc. Aymá,
Fecha de publicación, distribución, etc. 1975.
300 ## - DESCRIPCIÓN FÍSICA
Extensión 191 p. ;
Dimensiones 21 cm.
490 1# - MENCIÓN DE SERIE
Mención de serie Grandes novelas
700 1# - ENTRADA AGREGADA--NOMBRE PERSONAL
Nombre de persona Fernández-Santos, Ángel.
9 (RLIN) 50077
830 0# - PUNTO DE ACCESO ADICIONAL DE SERIE-TÍTULO UNIFORME
Título uniforme Grandes novelas
9 (RLIN) 224034
852 ## - LOCALIZACIÓN
Ubicación ES-MaACL
Número de control de estantería E-14088
Holdings
Estatus retirado Estado de pérdida Estado de daño No para préstamo Biblioteca de origen Biblioteca actual Ubicación en estantería Fecha de adquisición Fuente de adquisición Total de préstamos Signatura topográfica completa Código de barras Visto por última vez Precio de reemplazo Tipo de ítem Koha
        Biblioteca del Ateneo de Madrid Biblioteca del Ateneo de Madrid Depósito 2 19/01/2011     E-14088 1185347 23/02/2023 23/02/2023 Libro impreso